000 00984nam a2200265 a 4500
001 77542
003 BD-RjUL
005 20211209083001.0
008 201118s2015 bg ||||| mb|| 00| 0 eng d
035 _a(BD-RjUL) 77766
040 _aBD-RjUL
_beng
041 _aeng
082 _223
_a385.0650688
_bKAS 2015
100 _aKabir, Mahmudul
_9244858
245 1 0 _aService Marketing in Bangladesh:
_bA Case study of Bangladesh Railway /
_cBy Mahmudul Kabir ;
_6Supervisor: Md. Salim Reza
260 _aRajshahi:
_bDepartment of Marketing, University of Rajshahi,
_c2015
300 _avii, 179 Leaves :
_bIll. ;
_c29 cm.
502 _aThesis ( M. Phil.)--Department of Marketing, University of Rajshahi, 2015
504 _aReferences : Leaves 152-161
600 _c
_9244875
650 _aRailroads
_zBangladesh
_xService Marketing
_xManagement
_2
_9244876
650 _aRailroads and state
_zBangladesh.
_9244877
700 _aReza, Md. Salim, Supervisor
_9244859
942 _2ddc
_cTHE
999 _c77542
_d77542